00548ntaaa2200181 45000030003000000050017000030080021000200400037000410820017000781000021000952450021001162500010001372600047001473000009001945000110002036500033003137000020003460120251027202317.00714s1973 ag 01  aAR-BaBNbspacAR-BaBNeaacrdRIC a280.1000 P29 aPayne, Ernest A  aWhy integration? a1 ed. aLondon : bWm. Carling and Company, c1957 a80 p aEstudio de la integración entre el Concilio Mundial de Iglesias y el Concilio Internacional de Misiones aConcilio Mundial de Iglesias aMoses, David G